=LDR 00000nam 2200000 4500 =001 INLIS000000000020091 =005 20130612115058 =008 ***********************************Ind** =035 ##$$0010-061300000020091 =041 ##$$a Ind =082 ##$$a 2x5.5 =090 ##$$a 2x5.5, Uta a =100 ##$$a Al-Utaibi, Alauddin Bin Yususf =245 ##$$a Agenda dzikir dan doa (dari Rasululullah SAW), Alauddin Bin Yususf Al-Utaibi ; penerjemah, Moh. Suri Sudari A =260 ##$$a 1997 $b Jakarta =300 ##$$a 176 hlm, 15 cm =650 ##$$a Doa dan Wirid =850 ##$$a NBPNMAT